00685nam a2200241 a 4500001001300000003000900013005001700022008004100039020000900080082001500089100001900104245006900123260002500192300000900217500003500226505001700261650001700278650002300295902000800318942000700326952009500333999001500428nice12345678IN_TiNIC20260116012313.0050524s1986 dela grp 000 0 eng  ac1000a275.4bALT aAlter, James P aIn the Doab and Rohilkhandb North Indian Christianity 1815-1915 aDelhi bISPCK c1986 a264p aincludes index and biblioraphy2 aBibliography aChurch-India aChristianity-India bSRS cBK 00104070aHMIbHMId2007-07-18g10.00l0o275.4 ALTp013037r2007-07-18w2026-01-16yEB c6472d6472